000 00941nam a2200241 a 4500
001 000036104
005 20260120073950.0
008 111213s2011 dr 001 j spa d
020 _a9789945480023
040 _aDO-SdBNP
_bspa
_cBNPHU
082 _aRD863.5
_bP116m
100 1 _aPacheco, Juan Rafael,
_d1936-
_933543
245 1 3 _aLa mariposa azul y los regalos de Dios :
_bhistorias y cuentos para sanar tu corazón /
_cJuan Rafael Pacheco ; prólogo Carlos Manuel Santana Reyes.
260 _aSanto Domingo :
_bDeo Juvante :
_bEdiciones Unidas del Caribe,
_c2011.
300 _a237 p. ;
_c23 cm.
500 _aIncluye datos biográficos del autor en la solapa de la cubierta.
590 _aInventariado, 2019/BT
650 0 _aCuentos dominicanos
_9176
650 0 _aLiteratura dominicana.
_967
650 0 _aVida espiritual
_9268
700 1 2 _aSantana Reyes, Carlos Manuel,
_epról.
_962141
910 _aValidado. Control de calidad EMS
999 _c35595
_d35595